000 00809nam a2200193 a 4500
008 060922s1991 ||||||||||||||||| || u
050 _aKYO-UNI(05)ASM/91/15
100 _aTerashima, Hideaki
245 1 0 _aEthnobotany of the Lega in the tropical rain forest of eastern Zaire
_cby Hideaki Terashima, Seya Kalala and Ngandu Malasi
246 _apart one, Zone De Mwenga
260 _aKyoto
_bKyoto University
_c1991
350 _a0.00
490 _aAfrican Study Monographs
650 _aBOTANY
650 _aLEGA--ETHNOBOTANY--DEMOCRATIC REPUBLIC OF CONGO (DRC)
700 _aKalala, Seya
700 _aMalasi, Ngandu
995 _D0.00
_FCBU-MAIN LIBRARY (Kitwe)
_H1
_I0.00
_M15
_UAVAILABLE
_WSep 22, 2006
_ZInternational Publications
999 _c42543
_d42543